| 000 | 01202nas a22003251i#4500 | ||
|---|---|---|---|
| 001 | 1502 | ||
| 003 | ES-MaACL | ||
| 005 | 20250829180506.0 | ||
| 007 | t| | ||
| 008 | 950801d18971900sp s|ypernn | a||pa d | ||
| 022 | _a9954-8585 | ||
| 080 | _a(460) | ||
| 080 | _a65 | ||
| 245 | 0 | 3 |
_aEl Mundo naval ilustrado _b: revista quincenal / _c[director, Pedro Novo y Colson]. |
| 246 | 3 | 3 |
_aEl Mundo naval ilustrado _b: Revista de navegación y comercio |
| 260 |
_aMadrid : _bImp. de los Hijos de M. G. Hernández, _c1897-1900. |
||
| 300 |
_a4 v. : _bil., grab. ; _c37 cm. |
||
| 310 |
_aDecenal, _b10 febr.1900 |
||
| 321 |
_aQuincenal, _b1897-(30 en.1900) |
||
| 362 | 0 | _aAño 1, t. 1(1may.1897)-(30 dic.1900) | |
| 580 | _aEn 1900 comienza su 2ª época, con el n.1(15 en.1900). Desde 15 de enero de 1900 se funde con: "Revista de navegación y comercio" | ||
| 650 | 7 |
_aArte y ciencia militar _2embne _9135619 |
|
| 650 | 1 | 4 |
_aIndustria. Comunicaciones. _913720 |
| 700 | 1 |
_aNovo y Colson, Pedro de, _d1846-1931 _986091 |
|
| 785 | 1 | 0 | _tRevista de navegación y comercio |
| 852 | 4 |
_aES-MaACL _jZ-9 _dOlim: Hem-38 |
|
| 866 | 0 | _o1897-1900 | |
| 942 | _2udc | ||
| 999 |
_c1502 _d1502 |
||